000 00556nam a2200181Ia 4500
005 20250423101140.0
008 250422s9999 xx 000 0 und d
020 _a9780972282529
050 _aBL 2527 .T4 .S66/
100 _aSpence, Roy
245 4 _aThe amazing faith of Texas : common ground on higher ground
260 _aAustin
260 _bIdea City Press
260 _c2006
300 _a153 p
650 _aChurch buildings--Texas--Pictorial works. Texas--Pictorial works. Texas--Religious life and customs. Texas--Religion.
942 _cBK
999 _c35436
_d35436